[Event "La Felguera Social Casino la Fel"]
[Site "La Felguera"]
[Date "2019.07.14"]
[Round "7"]
[White "Martin Taboada, Tomas"]
[Black "Perez Agusti, Fernando"]
[Result "1-0"]
[WhiteElo "1620"]
[BlackElo "1571"]
[PlyCount "57"]
[EventDate "2019.05.19"]
[EventType "tourn"]
[EventRounds "7"]
[EventCountry "ESP"]
[SourceTitle "EXT 2024"]
[Source "ChessBase"]
[SourceDate "2023.10.10"]
[SourceVersion "1"]
[SourceVersionDate "2023.10.10"]
[SourceQuality "1"]

1. e4 e6 2. d4 d5 3. Nc3 Bb4 4. e5 Bd7 5. a3 Ba5 6. Qg4 g6 7. b4 Bb6 8. Bg5 Ne7 9. Bf6 Rg8 10. Nf3 h5 11. Qg5 Nbc6 12. Ne2 a6 13. Qh6 Qb8 14. Qh7 Qa7 15. c3 0-0-0 16. Bxe7 Nxe7 17. Qxf7 Nf5 18. Qf6 Rdf8 19. Qg5 Bb5 20. Nf4 Bxf1 21. Rxf1 Nxd4 22. cxd4 Bxd4 23. Rd1 Bc3+ 24. Ke2 Rxf4 25. Qxf4 Qb6 26. Rd3 Qb5 27. Nd4 Qc4 28. Rc1 Qa2+ 29. Rc2 1-0

[Event "La Felguera Social Casino la Fel"]
[Site "La Felguera"]
[Date "2019.06.02"]
[Round "3"]
[White "Pinto Ojea, Lucas"]
[Black "Martin Taboada, Tomas"]
[Result "0-1"]
[WhiteElo "1344"]
[BlackElo "1620"]
[PlyCount "40"]
[EventDate "2019.05.19"]
[EventType "tourn"]
[EventRounds "7"]
[EventCountry "ESP"]
[SourceTitle "EXT 2024"]
[Source "ChessBase"]
[SourceDate "2023.10.10"]
[SourceVersion "1"]
[SourceVersionDate "2023.10.10"]
[SourceQuality "1"]

1. c4 e5 2. Nc3 Nf6 3. g3 d5 4. b3 d4 5. Nb1 Nc6 6. Bg2 Bc5 7. d3 0-0 8. Nd2 Bb4 9. Ngf3 Bc3 10. Rb1 Re8 11. Bb2 Nb4 12. Bxc3 dxc3 13. Ne4 c2 14. Qc1 cxb1Q 15. Qxb1 Nxe4 16. dxe4 c5 17. 0-0 b6 18. Rd1 Qc7 19. a3 Nc6 20. b4 Nd4 0-1

[Event "La Felguera Social Casino la Fel"]
[Site "La Felguera"]
[Date "2019.05.26"]
[Round "2"]
[White "Martin Taboada, Tomas"]
[Black "Gonzalez Florez, Celia"]
[Result "1-0"]
[WhiteElo "1620"]
[BlackElo "1204"]
[PlyCount "57"]
[EventDate "2019.05.19"]
[EventType "tourn"]
[EventRounds "7"]
[EventCountry "ESP"]
[SourceTitle "EXT 2024"]
[Source "ChessBase"]
[SourceDate "2023.10.10"]
[SourceVersion "1"]
[SourceVersionDate "2023.10.10"]
[SourceQuality "1"]

1. e4 e5 2. f4 Nc6 3. Nf3 d6 4. d3 Bg4 5. Be2 Nf6 6. Nc3 Be7 7. f5 0-0 8. h3 Bxf3 9. Bxf3 Nd4 10. 0-0 c6 11. Be3 d5 12. Qd2 Qa5 13. a3 Rad8 14. Bg5 h6 15. b4 Qb6 16. Be3 Rc8 17. Ne2 c5 18. exd5 Rfd8 19. c4 Nb3 20. Qb2 Nxa1 21. Rxa1 Bd6 22. Ng3 Re8 23. Ne4 Nd7 24. Qd2 g5 25. fxg6 fxg6 26. Bxh6 Bf8 27. Bg4 Qd8 28. Bxd7 Qxd7 29. Nf6+ 1-0